[Event "Pilsen Region-chT 2223"]
[Site "Czech Republic"]
[Date "2022.10.30"]
[Round "2.6"]
[White "Janocko, Petr"]
[Black "Furbacher, Milan"]
[Result "1-0"]
[WhiteElo "1930"]
[BlackElo "1685"]
[PlyCount "119"]
[EventDate "2022.10.09"]
[EventType "team-tourn"]
[EventRounds "11"]
[EventCountry "CZE"]
[SourceTitle "EXT 2024"]
[Source "ChessBase"]
[SourceDate "2023.10.10"]
[SourceVersion "1"]
[SourceVersionDate "2023.10.10"]
[SourceQuality "1"]
[WhiteTeam "Line IV"]
[BlackTeam "Klatovy II"]
[WhiteTeamCountry "CZE"]
[BlackTeamCountry "CZE"]

1. d4 d5 2. c4 e6 3. Nf3 Nf6 4. Nc3 Be7 5. g3 0-0 6. cxd5 exd5 7. Bg2 c6 8. 0-0 Bf5 9. Nh4 Be6 10. Qc2 Nbd7 11. Nf5 Re8 12. Nxe7+ Qxe7 13. Re1 Rad8 14. Bd2 h6 15. Rac1 Nb6 16. b3 Qd7 17. a4 Bf5 18. Qb2 Nc8 19. a5 a6 20. Na4 Nd6 21. Nc5 Qc7 22. f3 Re7 23. Ra1 Rde8 24. Bf4 Nh5 25. Be5 f6 26. Bxd6 Qxd6 27. e4 Bc8 28. Qf2 g6 29. f4 f5 30. exd5 cxd5 31. Re5 Nf6 32. h3 Ne4 33. Nxe4 dxe4 34. Rc1 Kf7 35. Qe3 Be6 36. g4 fxg4 37. Bxe4 gxh3 38. Re1 Bc8 39. Kh2 Rxe5 40. fxe5 Qe6 41. Qxh6 Qg4 42. Qh7+ Kf8 43. Rf1+ Bf5 44. Qh8+ Kf7 45. Qf6+ Kg8 46. Bd5+ Be6 47. Bf3 Qf5 48. Bxb7 Qxf6 49. Rxf6 Kg7 50. Be4 Bf5 51. Bxf5 gxf5 52. Rxa6 Rb8 53. Rb6 Rd8 54. a6 Rxd4 55. a7 Rd2+ 56. Kxh3 Ra2 57. Rb7+ Kg6 58. Kg3 Kg5 59. e6 Kf6 60. e7 1-0

[Event "CZE-ch U18/U20 sf"]
[Site "Kovarska"]
[Date "2016.11.14"]
[Round "2"]
[White "Furbacher, Milan"]
[Black "Slovak, Kilian"]
[Result "0-1"]
[WhiteElo "1646"]
[BlackElo "2088"]
[PlyCount "56"]
[EventDate "2016.11.13"]
[EventType "swiss"]
[EventRounds "9"]
[EventCountry "CZE"]
[SourceTitle "EXT 2022"]
[Source "ChessBase"]
[SourceDate "2021.10.06"]
[SourceVersion "1"]
[SourceVersionDate "2021.10.06"]
[SourceQuality "1"]

1. e4 c5 2. Nf3 Nc6 3. Bb5 g6 4. Bxc6 dxc6 5. d3 Bg7 6. h3 Nf6 7. Nc3 Nd7 8. Be3 e5 9. 0-0 Qe7 10. Qd2 h6 11. Nh2 Nf8 12. f4 exf4 13. Bxf4 Ne6 14. Be3 Nd4 15. Rae1 Be6 16. b3 0-0-0 17. Ne2 Nxe2+ 18. Qxe2 g5 19. Rb1 b6 20. a3 h5 21. Qd2 g4 22. hxg4 hxg4 23. g3 Rh3 24. Kg2 Rdh8 25. Rh1 f5 26. Qe2 Be5 27. Bf4 Bxf4 28. gxf4 Qh4 0-1

[Event "CZE-ch U18/U20 sf"]
[Site "Kovarska"]
[Date "2016.11.14"]
[Round "3"]
[White "Havelka, Josef"]
[Black "Furbacher, Milan"]
[Result "1-0"]
[WhiteElo "2325"]
[BlackElo "1646"]
[PlyCount "51"]
[EventDate "2016.11.13"]
[EventType "swiss"]
[EventRounds "9"]
[EventCountry "CZE"]
[SourceTitle "EXT 2022"]
[Source "ChessBase"]
[SourceDate "2021.10.06"]
[SourceVersion "1"]
[SourceVersionDate "2021.10.06"]
[SourceQuality "1"]

1. e4 c5 2. Nf3 Nc6 3. d4 cxd4 4. Nxd4 g6 5. Nc3 Bg7 6. Be3 Nf6 7. Nxc6 bxc6 8. e5 Ng8 9. f4 d6 10. Bc4 Nh6 11. Qf3 d5 12. Bb3 0-0 13. h3 e6 14. 0-0-0 Qa5 15. g4 Kh8 16. Na4 Rd8 17. h4 Bf8 18. h5 Ba6 19. hxg6 fxg6 20. f5 Nxf5 21. gxf5 exf5 22. Bg5 Rd7 23. e6 Rb7 24. Qg3 Re8 25. Bf6+ Bg7 26. Qxg6 1-0

[Event "CZE-chT U20 Extraliga final-A 1415"]
[Site "Czech Republic"]
[Date "2015.04.25"]
[Round "9.5"]
[White "Pulpan, Matej"]
[Black "Furbacher, Milan"]
[Result "1-0"]
[WhiteElo "1939"]
[BlackElo "1658"]
[PlyCount "85"]
[EventDate "2014.10.11"]
[EventType "team-tourn"]
[EventRounds "11"]
[EventCountry "CZE"]
[SourceTitle "EXT 2021"]
[Source "ChessBase"]
[SourceDate "2020.10.23"]
[SourceVersion "1"]
[SourceVersionDate "2020.10.23"]
[SourceQuality "1"]
[WhiteTeam "Polabiny (U20)"]
[BlackTeam "Klatovy (U20)"]
[WhiteTeamCountry "CZE"]
[BlackTeamCountry "CZE"]

1. e4 c5 2. Nf3 Nc6 3. b3 e6 4. c4 Be7 5. Bb2 Nf6 6. Nc3 d6 7. d4 cxd4 8. Nxd4 Nxd4 9. Qxd4 0-0 10. Be2 Bd7 11. 0-0 Bc6 12. Rad1 a6 13. a4 Qc7 14. b4 b6 15. b5 Bb7 16. Ba3 Rfd8 17. Qe3 a5 18. e5 Ne8 19. f4 Rac8 20. g4 Bf8 21. f5 dxe5 22. Bxf8 Kxf8 23. Rxd8 Rxd8 24. fxe6 f6 25. g5 Ke7 26. Ne4 Rd4 27. gxf6+ gxf6 28. Nxf6 Nxf6 29. Qg5 Rf4 30. Rxf4 exf4 31. Qg7+ Kd6 32. Qxf6 Qc5+ 33. Kf1 Qe3 34. e7+ Kc5 35. Qf5+ Kb4 36. Qb1+ Kc5 37. Qd3 Qe6 38. Bh5 f3 39. Qa3+ Kd4 40. Qb2+ Kc5 41. Qf2+ Kb4 42. e8Q Qxc4+ 43. Kg1 1-0

[Event "CZE-chT U20 Extraliga West 1415"]
[Site "Czech Republic"]
[Date "2014.10.12"]
[Round "3.5"]
[White "Filip, Vojtech"]
[Black "Furbacher, Milan"]
[Result "1-0"]
[WhiteElo "1950"]
[BlackElo "1658"]
[PlyCount "43"]
[EventDate "2014.10.11"]
[EventType "team-tourn"]
[EventRounds "11"]
[EventCountry "CZE"]
[SourceTitle "EXT 2021"]
[Source "ChessBase"]
[SourceDate "2020.10.23"]
[SourceVersion "1"]
[SourceVersionDate "2020.10.23"]
[SourceQuality "1"]
[WhiteTeam "Vlasim (U20)"]
[BlackTeam "Klatovy (U20)"]
[WhiteTeamCountry "CZE"]
[BlackTeamCountry "CZE"]

1. d4 d5 2. c4 e6 3. Nc3 Nf6 4. Bg5 Be7 5. e3 0-0 6. Nf3 Nbd7 7. cxd5 exd5 8. Bd3 c6 9. 0-0 Re8 10. Qc2 Nf8 11. Rab1 Ne4 12. Bxe7 Qxe7 13. b4 a6 14. a4 Nxc3 15. Qxc3 Bd7 16. Rfc1 Qd6 17. Qc5 Qc7 18. b5 axb5 19. axb5 f6 20. Qxd5+ Be6 21. Qc5 Bd5 22. Qxd5+ 1-0

[Event "CZE-chT U20 Extraliga West 1415"]
[Site "Czech Republic"]
[Date "2014.10.12"]
[Round "4.5"]
[White "Furbacher, Milan"]
[Black "Blazek, Michal"]
[Result "0-1"]
[WhiteElo "1658"]
[BlackElo "1632"]
[PlyCount "88"]
[EventDate "2014.10.11"]
[EventType "team-tourn"]
[EventRounds "11"]
[EventCountry "CZE"]
[SourceTitle "EXT 2021"]
[Source "ChessBase"]
[SourceDate "2020.10.23"]
[SourceVersion "1"]
[SourceVersionDate "2020.10.23"]
[SourceQuality "1"]
[WhiteTeam "Klatovy (U20)"]
[BlackTeam "Hradec Kralove Ortex (U20)"]
[WhiteTeamCountry "CZE"]
[BlackTeamCountry "CZE"]

1. e4 Nf6 2. e5 Nd5 3. d4 d6 4. c4 Nb6 5. exd6 exd6 6. Nc3 Nc6 7. Be3 Bf5 8. Rc1 Be7 9. b3 0-0 10. Be2 Re8 11. Nf3 Bf6 12. 0-0 Bg6 13. Qd2 Nd7 14. Rfe1 Ne7 15. Bd3 Nf5 16. Bxf5 Bxf5 17. Bg5 h6 18. Rxe8+ Qxe8 19. Bxf6 Nxf6 20. Re1 Qd7 21. h3 Re8 22. Rxe8+ Nxe8 23. Qf4 Nf6 24. Nd2 Kf8 25. Qf3 c6 26. g4 Bg6 27. d5 c5 28. Qf4 a6 29. f3 Qe7 30. Kf2 Nd7 31. Nde4 Ne5 32. Kg3 Ke8 33. Qe3 f5 34. Nf2 Kd7 35. f4 Nf7 36. Qd2 Bh7 37. a3 g5 38. fxg5 Qe5+ 39. Kg2 Nxg5 40. Ne2 fxg4 41. hxg4 Be4+ 42. Nxe4 Qxe4+ 43. Kf2 Qf3+ 44. Ke1 Qh1+ 0-1

[Event "CZE-chT U20 Extraliga West 1415"]
[Site "Czech Republic"]
[Date "2014.10.11"]
[Round "1.5"]
[White "Hejduk, Miroslav"]
[Black "Furbacher, Milan"]
[Result "1/2-1/2"]
[WhiteElo "1735"]
[BlackElo "1658"]
[PlyCount "74"]
[EventDate "2014.10.11"]
[EventType "team-tourn"]
[EventRounds "11"]
[EventCountry "CZE"]
[SourceTitle "EXT 2021"]
[Source "ChessBase"]
[SourceDate "2020.10.23"]
[SourceVersion "1"]
[SourceVersionDate "2020.10.23"]
[SourceQuality "1"]
[WhiteTeam "Liberec Desko (U20)"]
[BlackTeam "Klatovy (U20)"]
[WhiteTeamCountry "CZE"]
[BlackTeamCountry "CZE"]

1. e4 c5 2. Nf3 Nc6 3. d4 cxd4 4. Nxd4 g6 5. Be3 Bg7 6. Nc3 Nf6 7. Bc4 0-0 8. Bb3 d6 9. f3 Bd7 10. Qd2 Nxd4 11. Bxd4 Qc7 12. g4 Bc6 13. 0-0-0 b5 14. g5 Nh5 15. Bxg7 Kxg7 16. Nd5 Bxd5 17. Bxd5 Rac8 18. c3 e5 19. Kb1 Qc5 20. h4 Rfd8 21. Rh2 Rc7 22. Rf1 Nf4 23. Rfh1 Nh5 24. Rg2 a5 25. Rg4 b4 26. c4 Rf8 27. Rf1 Ra7 28. Kc2 a4 29. Kb1 a3 30. b3 Rd7 31. Kc2 Rdd8 32. Rd1 Rb8 33. Qe1 Qc7 34. Rd2 Qe7 35. Qd1 f6 36. Qh1 Rbc8 37. Rh2 Rb8 1/2-1/2

[Event "Czech Fed-ch U16"]
[Site "Hrdonov"]
[Date "2013.11.02"]
[Round "9"]
[White "Hejduk, Miroslav"]
[Black "Furbacher, Milan"]
[Result "0-1"]
[WhiteElo "1770"]
[BlackElo "1600"]
[PlyCount "102"]
[EventDate "2013.10.26"]
[EventType "swiss"]
[EventRounds "9"]
[EventCountry "CZE"]
[SourceTitle "EXT 2016"]
[Source "ChessBase"]
[SourceDate "2015.10.08"]
[SourceVersion "1"]
[SourceVersionDate "2015.10.08"]
[SourceQuality "1"]

1. e4 c5 2. Nf3 Nc6 3. d4 cxd4 4. Nxd4 g6 5. Nc3 Bg7 6. Be3 Nf6 7. Qd2 0-0 8. f3 d5 9. Nxc6 bxc6 10. e5 Nd7 11. f4 e6 12. Be2 c5 13. Bf2 Qa5 14. 0-0 Rb8 15. Rfb1 Ba6 16. Bxa6 Qxa6 17. Ne2 Rfc8 18. c3 Rb7 19. Rc1 Rcb8 20. Rc2 c4 21. g4 Bf8 22. g5 Nc5 23. Bxc5 Bxc5+ 24. Nd4 Rb6 25. Kh1 Bxd4 26. cxd4 Qb7 27. Rb1 Rb4 28. Qc3 Qa6 29. Ra1 Ra4 30. a3 Qa5 31. Qxa5 Rxa5 32. Rd1 Rab5 33. Rdd2 Rb3 34. Kg2 Re3 35. Re2 Rbb3 36. Rxe3 Rxe3 37. Rd2 Kf8 38. Kf2 Rh3 39. Ke1 Ke7 40. Rf2 Kd7 41. Kd1 Kc6 42. Kc2 Kb5 43. Kc1 Ka4 44. Kc2 Rd3 45. h4 Rxd4 46. h5 Rd3 47. hxg6 hxg6 48. Rh2 Rf3 49. Rh4 Kb5 50. Kd2 Kc5 51. Kc2 Kd4 0-1

[Event "Czech Fed-ch U16"]
[Site "Hrdonov"]
[Date "2013.10.29"]
[Round "5"]
[White "Horak, Ales"]
[Black "Furbacher, Milan"]
[Result "1-0"]
[WhiteElo "1988"]
[BlackElo "1600"]
[PlyCount "109"]
[EventDate "2013.10.26"]
[EventType "swiss"]
[EventRounds "9"]
[EventCountry "CZE"]
[SourceTitle "EXT 2016"]
[Source "ChessBase"]
[SourceDate "2015.10.08"]
[SourceVersion "1"]
[SourceVersionDate "2015.10.08"]
[SourceQuality "1"]

1. e4 c5 2. Nf3 Nc6 3. d4 cxd4 4. Nxd4 g6 5. Nc3 Bg7 6. Be3 Nf6 7. Bc4 Qa5 8. 0-0 0-0 9. Kh1 d6 10. h3 Bd7 11. Qd2 Rac8 12. Bb3 Nxd4 13. Qxd4 Bc6 14. Qd2 b5 15. Nd5 Qd8 16. f3 a6 17. Rfd1 Nxd5 18. exd5 Bb7 19. c3 Qc7 20. Qd3 Rfd8 21. a4 b4 22. cxb4 Bxb2 23. Ra2 Qc3 24. b5 axb5 25. axb5 Ra8 26. Qxc3 Bxc3 27. Rc2 Rdc8 28. Rdc1 Ba5 29. Rxc8+ Rxc8 30. Rxc8+ Bxc8 31. b6 Bb7 32. Bc4 Kf8 33. Bb5 Bxd5 34. Ba6 f6 35. b7 Bxb7 36. Bxb7 e6 37. Kg1 Ke7 38. Kf1 Bc3 39. Ke2 Bb4 40. Kd3 Be1 41. Kc4 Bg3 42. Kb5 h5 43. Be4 g5 44. Bg6 h4 45. Kc6 e5 46. Bf5 Be1 47. Bb6 Bc3 48. Kc7 Bb4 49. Kc8 d5 50. Bd8+ Kf7 51. Kd7 d4 52. Bd3 Ba3 53. Bc4+ Kg6 54. Ke6 f5 55. Kxe5 1-0

[Event "Klatovy op-B"]
[Site "Klatovy"]
[Date "2013.07.06"]
[Round "8"]
[White "Hlavsa, Filip"]
[Black "Furbacher, Milan"]
[Result "1/2-1/2"]
[WhiteElo "1885"]
[BlackElo "1740"]
[PlyCount "135"]
[EventDate "2013.06.29"]
[EventType "swiss"]
[EventRounds "9"]
[EventCountry "CZE"]
[SourceTitle "EXT 2014"]
[Source "ChessBase"]
[SourceDate "2013.11.20"]
[SourceVersion "1"]
[SourceVersionDate "2013.11.20"]
[SourceQuality "1"]

1. d3 d5 2. Nd2 e5 3. e4 Nf6 4. Ngf3 Nc6 5. Be2 Bc5 6. 0-0 0-0 7. c3 dxe4 8. dxe4 Bg4 9. Qc2 Qe7 10. b4 Bd6 11. Nc4 a6 12. a4 Rfd8 13. Nxd6 Qxd6 14. Rd1 Qe6 15. Be3 h6 16. Rxd8+ Rxd8 17. b5 Na5 18. c4 axb5 19. cxb5 Rc8 20. Rc1 b6 21. Qd3 Nd7 22. h3 Bh5 23. g4 Bg6 24. Nh4 Bh7 25. Nf5 Bxf5 26. exf5 Qe7 27. Bf3 Kh8 28. Bg2 Kg8 29. f4 exf4 30. Bxf4 Nc5 31. Qg3 Qd7 32. Kh2 Nab3 33. Rc3 Na5 34. f6 g5 35. Be5 Qd2 36. Qf3 Qd7 37. Rc1 Nd3 38. Qd1 Nxe5 39. Qe2 Nec4 40. Rxc4 Nxc4 41. Qxc4 Qd6+ 42. Kh1 Re8 43. Bf1 Qxf6 44. Kg1 Re1 45. Qd3 Rxf1+ 46. Qxf1 Qxf1+ 47. Kxf1 Kg7 48. Kf2 Kf6 49. Ke3 Ke5 50. Kd3 Kd5 51. Kc3 Kc5 52. Kb3 Kd4 53. Kb4 f6 54. Kb3 Ke3 55. Kc4 Kf3 56. Kd5 Kg3 57. Kc6 Kxh3 58. Kxc7 Kxg4 59. a5 bxa5 60. b6 f5 61. b7 f4 62. b8Q f3 63. Qb2 Kh3 64. Qf2 g4 65. Qf1+ Kg3 66. Qg1+ Kf4 67. Qc1+ Kg3 68. Qg1+ 1/2-1/2

[Event "Klatovy op-B"]
[Site "Klatovy"]
[Date "2013.07.02"]
[Round "4"]
[White "Furbacher, Milan"]
[Black "Kovar, Petr"]
[Result "1/2-1/2"]
[WhiteElo "1740"]
[BlackElo "1965"]
[PlyCount "26"]
[EventDate "2013.06.29"]
[EventType "swiss"]
[EventRounds "9"]
[EventCountry "CZE"]
[SourceTitle "EXT 2014"]
[Source "ChessBase"]
[SourceDate "2013.11.20"]
[SourceVersion "1"]
[SourceVersionDate "2013.11.20"]
[SourceQuality "1"]

1. e4 d6 2. d4 Nf6 3. Nc3 g6 4. f4 Bg7 5. Nf3 c6 6. Bd3 0-0 7. 0-0 Bg4 8. h3 Bxf3 9. Qxf3 Nfd7 10. Ne2 e5 11. c3 c5 12. fxe5 cxd4 13. Nxd4 Nxe5 1/2-1/2

[Event "CZE-chTW U20 1213"]
[Site "Czech Republic"]
[Date "2012.10.06"]
[Round "1.5"]
[White "Furbacher, Milan"]
[Black "Stanek, Ondrej1111"]
[Result "1-0"]
[WhiteElo "1546"]
[BlackElo "1549"]
[PlyCount "59"]
[EventDate "2012.10.06"]
[EventType "team-tourn"]
[EventRounds "11"]
[EventCountry "CZE"]
[SourceTitle "EXT 2015"]
[Source "ChessBase"]
[SourceDate "2014.11.20"]
[SourceVersion "1"]
[SourceVersionDate "2014.11.20"]
[SourceQuality "1"]
[WhiteTeam "Klatovy (U20)"]
[BlackTeam "Praha Bohemians (U20)"]
[WhiteTeamCountry "CZE"]
[BlackTeamCountry "CZE"]

1. e4 c5 2. Nf3 e6 3. d4 cxd4 4. Nxd4 Nf6 5. Nc3 Nc6 6. Be3 Bb4 7. f3 d5 8. Nxc6 bxc6 9. Bd2 0-0 10. Bd3 Qb6 11. Na4 Qe3+ 12. Be2 Qxd2+ 13. Qxd2 Bxd2+ 14. Kxd2 dxe4 15. c4 Bd7 16. Nc5 exf3 17. Bxf3 Rac8 18. Kc3 Rfd8 19. Rad1 Kf8 20. Nb7 e5 21. Nxd8 Rxd8 22. Bxc6 Ke7 23. Bxd7 Nxd7 24. Rd5 Ke6 25. Rhd1 e4 26. Rd6+ Ke7 27. c5 e3 28. c6 e2 29. Rxd7+ Ke6 30. Rxd8 1-0

[Event "CZE-ch U14"]
[Site "Kouty nad Desnou"]
[Date "2012.03.12"]
[Round "4"]
[White "Stuchly, Ondrej"]
[Black "Furbacher, Milan"]
[Result "1/2-1/2"]
[WhiteElo "1680"]
[BlackElo "1658"]
[PlyCount "112"]
[EventDate "2012.03.10"]
[EventType "swiss"]
[EventRounds "9"]
[EventCountry "CZE"]
[SourceTitle "EXT 2013"]
[Source "ChessBase"]
[SourceDate "2012.11.22"]
[SourceVersion "1"]
[SourceVersionDate "2012.11.22"]
[SourceQuality "1"]

1. e4 c5 2. Nf3 Nc6 3. d4 cxd4 4. Nxd4 g6 5. c4 d6 6. Be2 Nf6 7. Nc3 Nxd4 8. Qxd4 Bg7 9. Be3 0-0 10. Qd1 Be6 11. 0-0 Qc7 12. Rc1 a6 13. Nd5 Bxd5 14. cxd5 Qa5 15. Qc2 Qb4 16. f3 Rfe8 17. a3 Qa5 18. Qc7 Qxc7 19. Rxc7 b5 20. Rfc1 Kf8 21. R1c6 Red8 22. Kf1 Ne8 23. Rb7 Bxb2 24. Bh6+ Bg7 25. Bxg7+ Nxg7 26. Rcc7 Re8 27. Ra7 f5 28. Rxe7 Rxa7 29. Rxa7 fxe4 30. Rxa6 exf3 31. Bxb5 fxg2+ 32. Kxg2 Rb8 33. Bc6 Nf5 34. Ra8 Rxa8 35. Bxa8 Ne3+ 36. Kf3 Nc4 37. a4 Ke7 38. Bc6 Kd8 39. Bb5 Ne5+ 40. Kf4 h6 41. a5 Kc7 42. h4 Nd7 43. Kg4 Nc5 44. Be8 g5 45. hxg5 hxg5 46. Kxg5 Nb3 47. a6 Kb6 48. Bb5 Nc5 49. Kf5 Ka7 50. Kf6 Kb6 51. Ke7 Ne4 52. Bc4 Kc7 53. Bb5 Kb6 54. Bd3 Nc5 55. Bf5 Nxa6 56. Kxd6 Nb4 1/2-1/2

[Event "CZE-ch U14"]
[Site "Kouty nad Desnou"]
[Date "2012.03.11"]
[Round "2"]
[White "Kostka, Vit"]
[Black "Furbacher, Milan"]
[Result "1-0"]
[WhiteElo "1718"]
[BlackElo "1658"]
[PlyCount "77"]
[EventDate "2012.03.10"]
[EventType "swiss"]
[EventRounds "9"]
[EventCountry "CZE"]
[SourceTitle "EXT 2013"]
[Source "ChessBase"]
[SourceDate "2012.11.22"]
[SourceVersion "1"]
[SourceVersionDate "2012.11.22"]
[SourceQuality "1"]

1. e4 c5 2. Nf3 Nc6 3. d4 cxd4 4. Nxd4 g6 5. Nc3 Bg7 6. Be3 Nf6 7. Bc4 0-0 8. f3 Qb6 9. Bb3 Nxe4 10. Nxe4 Bxd4 11. Bh6 Bg7 12. Qd2 Nd4 13. Bxg7 Kxg7 14. h4 Nxb3 15. axb3 Rd8 16. h5 d5 17. hxg6 Qxg6 18. Nc5 b6 19. Nd3 Bf5 20. Nf4 Qg3+ 21. Kf1 Bg6 22. Rh3 Qxh3 23. Nxh3 Rac8 24. c3 Rd7 25. Nf4 Rc6 26. Nxg6 Rxg6 27. Re1 a5 28. Qd4+ Kg8 29. Qa4 Rgd6 30. Qg4+ Kh8 31. Qg5 f6 32. Qh5 e5 33. Kf2 d4 34. cxd4 Rxd4 35. Qf5 Rd2+ 36. Re2 R2d6 37. Rxe5 Kg7 38. Re6 Rd2+ 39. Kg1 1-0

[Event "CZE-ch U14"]
[Site "Kouty nad Desnou"]
[Date "2012.03.10"]
[Round "1"]
[White "Furbacher, Milan"]
[Black "Ptacek, Tomas"]
[Result "0-1"]
[WhiteElo "1658"]
[BlackElo "1823"]
[PlyCount "72"]
[EventDate "2012.03.10"]
[EventType "swiss"]
[EventRounds "9"]
[EventCountry "CZE"]
[SourceTitle "EXT 2013"]
[Source "ChessBase"]
[SourceDate "2012.11.22"]
[SourceVersion "1"]
[SourceVersionDate "2012.11.22"]
[SourceQuality "1"]

1. e4 e6 2. d4 d5 3. Nc3 Nf6 4. Bd3 c5 5. Nf3 Nc6 6. Be3 Qb6 7. exd5 exd5 8. Rb1 Bg4 9. dxc5 Bxc5 10. Bxc5 Qxc5 11. 0-0 0-0 12. h3 Bh5 13. a3 Rad8 14. Be2 Rfe8 15. Re1 d4 16. Na4 Qd5 17. b4 Ne4 18. Nd2 Bxe2 19. Rxe2 f5 20. Nxe4 fxe4 21. Qe1 Re5 22. Nc5 Rde8 23. Nxb7 d3 24. Rd2 Rg5 25. Qf1 Nd4 26. Kh1 Qxb7 27. cxd3 e3 28. fxe3 Rxe3 29. Qf4 Rxh3+ 30. Kg1 Nf3+ 31. Kf2 Nxd2 32. Qxg5 Rxd3 33. Qf5 Qf7 34. Qxf7+ Kxf7 35. Ke2 Nxb1 36. Kxd3 Nxa3 0-1